000 00550nam a2200157 4500
008 020516s1989 ch chiYA
020 _a9575160029
090 0 _aBS416
_bH85q
100 1 _a許振偉 Hsu, Wesley
245 1 0 _a新約引證舊約集解 The quotations in the New Testament{ch} /
_c許振偉 Wesley Hsu.
260 _aTaipei :
_b大 光 出 版 社 Glory Books,
_cc1989.
300 _a342 p.
650 4 _a新 約 註 釋 Bible. N.T.
_xQuotations{ch}.
950 0 _313.30
951 _pC-4077
_oBS416/H85q
_j070613111124125
_d2000-12-21
_cCH
999 _c8760
_d8760